Statistics for Two-Syllable Geography

Click here to take the quiz!

General Stats

  • This quiz has been taken 197 times
  • The average score is 16 of 20

Answer Stats

ClueAnswer% Correct
Capital of France; "The City of Lights"Paris
100%
Germany's capital cityBerlin
97%
Oldest university in EnglandOxford
94%
There is a "Grand" one in ArizonaCanyon
93%
The city of canals, located in ItalyVenice
93%
England's northern neighborScotland
91%
Second planet from the sunVenus
90%
Most common language spoken in IndiaHindi
87%
The words before "Minh City"Ho Chi
87%
Highest mountain range in the AmericasAndes
83%
Strait that divides Russia and AlaskaBering
82%
New Zealand slang demonymKiwi
80%
Sicily stratovolcano: Mount ____Etna
79%
Largest city in NigeriaLagos
79%
Second largest city in MoroccoRabat
77%
Largest urban area in North Island, NZAuckland
69%
Switzerland subdivision / regionCanton
60%
Gothenburg country's capitalStockholm
58%
Lake between Nevada and CaliforniaTahoe
52%
Chinese circulating currencyYuan
45%

Score Distribution

Percentile by Number Answered

Percent of People with Each Score

Your Score History

You have not taken this quiz